Loading...
| Current Events | 2 | 15.00 | 100% | 0% | 50% |
| Fine Arts - Classical Music | 4 | 20.00 | 100% | 100% | 0% |
| Fine Arts - Other | 3 | 13.33 | 67% | 33% | 33% |
| Fine Arts - Painting and Sculpture | 5 | 8.00 | 80% | 0% | 0% |
| Geography | 1 | 10.00 | 100% | 0% | 0% |
| History - American | 2 | 15.00 | 100% | 50% | 0% |
| History - European | 4 | 7.50 | 75% | 0% | 0% |
| History - Other | 3 | 20.00 | 100% | 100% | 0% |
| History - World | 2 | 5.00 | 50% | 0% | 0% |
| Literature - American | 4 | 5.00 | 50% | 0% | 0% |
| Literature - British | 2 | 15.00 | 100% | 0% | 50% |
| Literature - European | 4 | 12.50 | 100% | 25% | 0% |
| Literature - World | 1 | 10.00 | 100% | 0% | 0% |
| Mythology | 4 | 17.50 | 100% | 50% | 25% |
| Philosophy | 2 | 10.00 | 50% | 50% | 0% |
| Popular Culture | 2 | 20.00 | 100% | 50% | 50% |
| Religion | 4 | 17.50 | 75% | 75% | 25% |
| Science - Biology | 3 | 6.67 | 67% | 0% | 0% |
| Science - Chemistry | 2 | 15.00 | 100% | 50% | 0% |
| Science - Other | 2 | 20.00 | 100% | 100% | 0% |
| Science - Physics | 3 | 3.33 | 33% | 0% | 0% |
| Social Science | 2 | 10.00 | 100% | 0% | 0% |